000 00216 a2200097 4500
001 7059
100 _aIbrahim, S.M
245 _aTarikh-e-Tibri (Sirat-un-Nabi)
260 _a
_bNafees academy
_c
090 _c5829
_d5829
942 _aNUST-CAE
_cM
_c32299
999 _c242132
_d242132